Guns N' Roses Songs for Each Letter - Statistics

General Stats
  • This quiz has been taken 51 times
  • The average score is 15 of 21
Answer Stats
Letter Song % Correct
D Dead Horse, Don't Cry, Don't Damn Me, Double Talkin' Jive, Down On The Farm, Dust N' Bones
93%
N New Rose, New Work Tune, Nice Boys, Nightrain, Nothin', November Rain
91%
P Paradise City, Patience, Perfect Crime, Perhaps, Pretty Tied Up, Prostitute
91%
C Catcher In The Rye, Chinese Democracy, Civil War, Coma
89%
M Madagascar, Mama Kin, Move To The City, Mr. Brownstone, My Michelle, My World
89%
S Scraped, Shackler's Revenge, Shadow Of Your Love, Shotgun Blues, Since I Don't Have You, So Fine, Sorry, Street Of Dreams, Sweet Child O' Mine, Sympathy For The Devil
86%
B Back Off Bitch, Bad Apples, Bad Obsession, Better, Black Leather, Breakdown, Buick Makane
82%
R Raw Power, Reckless Life, Riad N' The Bedouins, Right Next Door To Hell, Rocket Queen
80%
W Welcome To The Jungle, Whole Lotta Rosie
80%
Y Yesterdays, You Ain't The First, You Can't Put Your Arms Aroud A Memory, You Could Be Mine, You're Crazy
80%
E Estranged
77%
L Live And Let Die, Locomotive
73%
A ABSURD, Ain't Going Down No More, Ain't It Fun, Always On The Run, Anything Goes, Atlas, Attitude
70%
T The Garden, The General, The Plague, There Was A Time, Think About You, This I Love
70%
K Knockin' On Heaven's Door
66%
G Garden Of Eden, Get In The Ring
61%
I I Don't Care About You, If The Word, I.R.S., It's Alright, It's So Easy
61%
O One In A Million, Out Ta Get Me
59%
U Used To Love Her
48%
H Hair Of The Dog, Hard Skool, Heartbreak Hotel, Human Being
41%
J Jumpin' Jack Flash
11%
No matching quizzes found
Score Distribution
Percent of People with Each Score
Percentile by Number Answered
Your Score History
You have not taken this quiz